| 000 | 00352 a2200109 4500 | ||
|---|---|---|---|
| 001 | ART_47133 | ||
| 005 | 20260410161850.0 | ||
| 008 | 260409a | ||
| 245 | 1 | 0 | _aEquilibrio de una economía competitiva; una prueba de su existencia |
| 100 | 1 | _aMantel, Rolf R. | |
| 773 | 0 |
_tEconómica _g- Año XLV, Nº 2 T.1 (jul./dic. 1999) _wREV7541 |
|
| 999 |
_c24923 _d24923 |
||